Acte de lliurament a la Biblioteca de Catalunya de les publicacions rebudes els darrers cinquanta anys per l'Institut d'Estudis Catalans per intercanvi amb institucions científiques i acadèmiques o per donació, amb l'exposició d'una mostra representativa : Casa de Convalescència : 17 de novembre de 1989 Casa de Convalescència :
ISBN:
84-7283-141-8
Descripción Física:
29 p. ; 24 cm
MARC
| LEADER | 00000nam a2200000Ia 4500 | ||
|---|---|---|---|
| 001 | 17944 | ||
| 008 | 160829s1989 xx 000 0 cat d | ||
| 020 | |a 84-7283-141-8 | ||
| 080 | |a FU-49-10 | ||
| 245 | |a Acte de lliurament a la Biblioteca de Catalunya de les publicacions rebudes els darrers cinquanta anys per l'Institut d'Estudis Catalans per intercanvi amb institucions científiques i acadèmiques o per donació, amb l'exposició d'una mostra representativa : |b Casa de Convalescència : |b 17 de novembre de 1989 | ||
| 260 | |a Barcelona : |b Institut d'Estudis Catalans, |c 1989 | ||
| 300 | |a 29 p. ; |c 24 cm | ||
| 590 | |a Discurs de lliurament pronunciat per Emili Giralt i Raventós | ||
| 610 | 2 | 0 | |a Biblioteca de Catalunya |x Història |9 54425 |
| 610 | 2 | 0 | |a Institut d'Estudis Catalans |x Història |9 54426 |
| 710 | 2 | |a Institut d'Estudis Catalans |9 52284 | |
| 710 | 1 | |a Biblioteca de Catalunya |9 52741 | |
| 901 | |a Arxiu | ||
| 942 | |n 1 | ||
| 952 | |0 0 |1 0 |4 0 |6 FU4910 |7 1 |9 44690 |a Arxiu |b Arxiu |d 2016-12-01 |l 0 |o FU-49-10 |p 17944 |r 2016-12-01 00:00:00 |w 2016-12-01 |y ARXIU | ||
| 999 | |c 47271 |d 47271 | ||